[Event "Chigorin Memorial"]
[Site "St Petersburg"]
[Date "2016.10.20"]
[Round "6.140"]
[White "Zhemchuzhina, Elizaveta"]
[Black "Sinitsina, Anastassia"]
[Result "1/2-1/2"]
[WhiteElo "1825"]
[BlackElo "2047"]
[PlyCount "138"]
[EventDate "2016.10.15"]
[EventType "swiss"]
[EventRounds "9"]
[EventCountry "RUS"]

1. d4 Nf6 2. c4 g6 3. Nc3 d5 4. cxd5 Nxd5 5. e4 Nxc3 6. bxc3 Bg7 7. Be3 c5 8.
Rc1 Qa5 9. Qd2 cxd4 10. cxd4 Qxd2+ 11. Bxd2 O-O 12. Nf3 Bg4 13. Be3 Bxf3 14.
gxf3 e6 15. d5 exd5 16. exd5 Be5 17. f4 Bd6 18. f5 Nd7 19. Bh3 Nf6 20. fxg6
hxg6 21. Rb1 b6 22. Rd1 Rad8 23. O-O Ne4 24. Rd4 Nc3 25. Rd2 Be5 26. Bg2 f5 27.
Bg5 Rd7 28. Re1 Bf6 29. Bxf6 Rxf6 30. Rc1 Nb5 31. a4 Nd6 32. a5 b5 33. Rc6 Rf8
34. Rb2 Re8 35. Bf1 Rb8 36. Rb4 Kf7 37. a6 Ke7 38. Rc5 Rb6 39. Rc6 Rb8 40. Bd3
Ne8 41. Re6+ Kf8 42. Rxb5 Rbd8 43. Rb7 Rxd5 44. Bc4 Rd4 45. Bb3 Rg4+ 46. Kf1
Rc8 47. Rxa7 Rc1+ 48. Ke2 Nc7 49. Re3 Re4 50. Rxe4 fxe4 51. Rxc7 Rxc7 52. Bd5
Kg7 53. Bxe4 Rc4 54. Kd3 Ra4 55. Bb7 Kh6 56. Kc3 Kh5 57. Kb3 Ra1 58. Kb4 Kh4
59. Bc8 Rf1 60. f3 Rf2 61. h3 Rb2+ 62. Ka5 Ra2+ 63. Kb6 Rb2+ 64. Kc6 Rc2+ 65.
Kd7 Kxh3 66. Bb7 Ra2 67. Kc6 Kg3 68. Kb6 g5 69. Bd5 Rxa6+ 1/2-1/2

[Event "Chigorin Memorial"]
[Site "St Petersburg"]
[Date "2016.10.20"]
[Round "6.142"]
[White "Matchenya, Ivan"]
[Black "Muhtarov, Leonid"]
[Result "1-0"]
[WhiteElo "1812"]
[BlackElo "2044"]
[PlyCount "66"]
[EventDate "2016.10.15"]
[EventType "swiss"]
[EventRounds "9"]
[EventCountry "RUS"]

1. e4 c5 2. Nc3 e6 3. f4 a6 4. d4 cxd4 5. Qxd4 Nc6 6. Qf2 b5 7. Nf3 d6 8. Bd3
Qc7 9. O-O Nf6 10. Qg3 g6 11. e5 dxe5 12. fxe5 Nd7 13. Ne4 Ncxe5 14. Nxe5 Qxe5
15. Nf6+ Kd8 16. Bf4 Qd4+ 17. Kh1 e5 18. Be3 Qd6 19. Be4 Rb8 20. Rad1 Qe6 21.
Nxd7 Bxd7 22. Bd5 Qd6 23. Bxf7 Kc7 24. Rxd6 Bxd6 25. Rd1 Rhf8 26. Bb3 Bc6 27.
Bh6 Rf6 28. Bg7 Rf4 29. Qd3 Rd4 30. Qe2 Rxd1+ 31. Qxd1 Re8 32. Bh6 Bc5 33. Qe2
e4 1-0

[Event "Chigorin Memorial"]
[Site "St Petersburg"]
[Date "2016.10.20"]
[Round "6.143"]
[White "Shadunts, Kirill"]
[Black "Petrochenko, Maria"]
[Result "1/2-1/2"]
[WhiteElo "1787"]
[BlackElo "2037"]
[PlyCount "81"]
[EventDate "2016.10.15"]
[EventType "swiss"]
[EventRounds "9"]
[EventCountry "RUS"]

1. d4 d5 2. c4 c6 3. Nf3 Nf6 4. Nc3 e6 5. Bg5 Nbd7 6. e3 Qa5 7. Bxf6 Nxf6 8.
Nd2 Bb4 9. Qc2 Ne4 10. Ndxe4 dxe4 11. Be2 O-O 12. O-O f5 13. f3 exf3 14. Rxf3
Qc7 15. Raf1 Bd6 16. g3 Bd7 17. e4 b6 18. Bd3 g6 19. d5 cxd5 20. cxd5 Qc5+ 21.
Qf2 fxe4 22. Bxe4 Rxf3 23. Bxf3 Rf8 24. Qxc5 Bxc5+ 25. Kg2 exd5 26. Bxd5+ Kg7
27. Rxf8 Kxf8 28. Ne4 Bd4 29. b3 Ke7 30. Kf3 h6 31. g4 Be6 32. Bc6 a5 33. h4
Bf6 34. g5 hxg5 35. hxg5 Be5 36. Nd2 Bf5 37. Nc4 Bd4 38. Be4 Ke6 39. Kf4 Bxe4
40. Kxe4 Bc5 41. Nd2 1/2-1/2

[Event "Chigorin Memorial"]
[Site "St Petersburg"]
[Date "2016.10.20"]
[Round "6.145"]
[White "Kievelitz, Bernd"]
[Black "Yakimenko, Viktoria"]
[Result "0-1"]
[WhiteElo "1897"]
[BlackElo "2160"]
[PlyCount "98"]
[EventDate "2016.10.15"]
[EventType "swiss"]
[EventRounds "9"]
[EventCountry "RUS"]

1. Nf3 g6 2. d4 Nf6 3. c4 Bg7 4. Nc3 d5 5. Qb3 dxc4 6. Qxc4 O-O 7. e4 Na6 8. a3
Nd7 9. Be2 c5 10. d5 Nc7 11. O-O a6 12. Be3 b5 13. Qd3 Ne8 14. Qd2 Nd6 15. Bh6
f6 16. Bxg7 Kxg7 17. b4 Ra7 18. Bd3 Rc7 19. bxc5 Nxc5 20. Nd4 e5 21. dxe6 Nxe6
22. Nce2 Re8 23. f3 Nxd4 24. Nxd4 Nf7 25. Be2 Qe7 26. Qb2 Qe5 27. Rab1 Rd8 28.
Nb3 Qf4 29. Rfd1 Qe3+ 30. Kf1 Rxd1+ 31. Rxd1 Rc3 32. Nc1 Qc5 33. Nd3 Qxa3 34.
Qxa3 Rxa3 35. Rc1 Be6 36. Rc6 Bc4 37. Nb4 Bxe2+ 38. Kxe2 a5 39. Nd5 Ra2+ 40.
Ke3 Rxg2 41. Rc5 b4 42. Rxa5 b3 43. Rb5 b2 44. Rb7 Rxh2 45. Nc3 Kf8 46. Na4 Nd6
47. Rb8+ Ke7 48. Kd4 Rd2+ 49. Kc3 Rf2 0-1

[Event "Chigorin Memorial"]
[Site "St Petersburg"]
[Date "2016.10.20"]
[Round "6.146"]
[White "Nuritdinov, Nizomiddin"]
[Black "Nikitinyh, Boris"]
[Result "1-0"]
[WhiteElo "1865"]
[BlackElo "2114"]
[PlyCount "87"]
[EventDate "2016.10.15"]
[EventType "swiss"]
[EventRounds "9"]
[EventCountry "RUS"]

1. d4 Nf6 2. Nf3 g6 3. g3 Bg7 4. Bg2 O-O 5. O-O d6 6. c3 Nbd7 7. Re1 e5 8. dxe5
Nxe5 9. Nxe5 dxe5 10. e4 Bg4 11. f3 Be6 12. Be3 Qe7 13. Na3 Nd7 14. Qc2 a6 15.
b4 a5 16. Nb5 axb4 17. cxb4 Qxb4 18. Reb1 Qa5 19. Qxc7 b6 20. a4 Rfc8 21. Qd6
Bf8 22. Qd1 Rc4 23. Bd2 Qa6 24. Bf1 Qc8 25. Bxc4 Bxc4 26. Rc1 Bc5+ 27. Kg2 Be6
28. Be3 Qf8 29. Bxc5 Nxc5 30. Rc3 Rd8 31. Qe1 Bb3 32. a5 bxa5 33. Qe3 a4 34.
Rxc5 Rd2+ 35. Qxd2 Qxc5 36. Na3 Kg7 37. Qb2 f6 38. Rc1 Qe3 39. Nc4 Qa7 40. Nd2
Bf7 41. Nc4 Qa6 42. Na3 h5 43. Rc7 g5 44. Qa2 1-0

[Event "Chigorin Memorial"]
[Site "St Petersburg"]
[Date "2016.10.20"]
[Round "6.147"]
[White "Zolotyh, Lev"]
[Black "Kiseleva, Arina"]
[Result "0-1"]
[WhiteElo "1767"]
[BlackElo "2059"]
[PlyCount "82"]
[EventDate "2016.10.15"]
[EventType "swiss"]
[EventRounds "9"]
[EventCountry "RUS"]

1. e4 c5 2. Nf3 d6 3. d4 cxd4 4. Nxd4 Nf6 5. Nc3 Nc6 6. Bg5 e6 7. Bb5 Bd7 8.
Bxc6 bxc6 9. Qf3 c5 10. Nb3 Be7 11. O-O-O Rb8 12. e5 dxe5 13. Bxf6 gxf6 14. Ne4
Rc8 15. Nbxc5 Rxc5 16. Nxc5 Bxc5 17. Rd2 Qc8 18. Qxf6 Rg8 19. Qxe5 Be7 20. Rhd1
Bc6 21. Rd3 Bd5 22. Rc3 Qd8 23. Rg3 Rxg3 24. Qxg3 Qb6 25. Qg8+ Bf8 26. Qg3 a5
27. Qe5 Qxf2 28. c4 Qc5 29. b3 Bd6 30. Qd4 Qxd4 31. Rxd4 Ba3+ 32. Kc2 Bxg2 33.
Rh4 Be7 34. Rh5 Be4+ 35. Kd2 Bf5 36. Ke3 Kf8 37. a3 Kg7 38. b4 axb4 39. axb4
Kg6 40. Rxf5 Kxf5 41. c5 Ke5 0-1

[Event "Chigorin Memorial"]
[Site "St Petersburg"]
[Date "2016.10.20"]
[Round "6.148"]
[White "Zemnitskiy, Alexander"]
[Black "Ismailov, Ulugbek"]
[Result "0-1"]
[WhiteElo "2044"]
[BlackElo "1895"]
[PlyCount "96"]
[EventDate "2016.10.15"]
[EventType "swiss"]
[EventRounds "9"]
[EventCountry "RUS"]

1. d4 d5 2. c4 c6 3. Nf3 Nf6 4. e3 e6 5. Nbd2 Bd6 6. Bd3 O-O 7. Qe2 Nbd7 8. e4
dxe4 9. Nxe4 Nxe4 10. Qxe4 Nf6 11. Qh4 Bb4+ 12. Ke2 Be7 13. Bg5 g6 14. Rhd1 Re8
15. Ne5 Nh5 16. Bxe7 Qxe7 17. Qe4 c5 18. g4 f5 19. Qf3 fxg4 20. Qxg4 Qf6 21.
Qe4 Rf8 22. f3 Nf4+ 23. Kd2 cxd4 24. Rg1 Qh4 25. Kc2 Qf2+ 26. Kb3 Rf5 27. Raf1
Qd2 28. Qxd4 Rxe5 29. Qd8+ Kg7 30. Qc7+ Kh6 31. Qxe5 Nxd3 32. Qc3 Nc5+ 33. Kb4
Qd6 34. Qe3+ Kg7 35. Kc3 Na4+ 36. Kc2 e5 37. Rd1 Bf5+ 38. Kc1 Qe7 39. Rge1 Re8
40. Rd5 Qb4 41. Qd2 Qxc4+ 42. Kd1 Nxb2+ 43. Qxb2 Qxd5+ 44. Ke2 Rc8 45. Kf1
Qxf3+ 46. Kg1 Qg4+ 47. Kf1 Bd3+ 48. Kf2 Rf8+ 0-1

[Event "Chigorin Memorial"]
[Site "St Petersburg"]
[Date "2016.10.20"]
[Round "6.149"]
[White "Yurasova, Daria"]
[Black "Anu, Bayar"]
[Result "1/2-1/2"]
[WhiteElo "1757"]
[BlackElo "2038"]
[PlyCount "67"]
[EventDate "2016.10.15"]
[EventType "swiss"]
[EventRounds "9"]
[EventCountry "RUS"]

1. d4 Nf6 2. c4 c5 3. d5 e6 4. Nc3 exd5 5. cxd5 g6 6. e4 d6 7. h3 Bg7 8. Nf3
O-O 9. Bd3 b5 10. Bxb5 Nxe4 11. Nxe4 Qa5+ 12. Nfd2 Qxb5 13. Nxd6 Qa6 14. N2c4
Nd7 15. O-O Ne5 16. Nxc8 Raxc8 17. Nxe5 Bxe5 18. Re1 Qf6 19. Rb1 Rfd8 20. Be3
Bxb2 21. Qg4 Bd4 22. Bxd4 cxd4 23. Rbd1 Rc4 24. Qe4 Qb6 25. Rb1 Qa5 26. d6 Kg7
27. Rb7 Rb4 28. Rxb4 Qxb4 29. Qe5+ Kg8 30. Qe8+ Kg7 31. Qe5+ Kg8 32. Qe8+ Kg7
33. Qe5+ Kg8 34. Qe8+ 1/2-1/2

[Event "Chigorin Memorial"]
[Site "St Petersburg"]
[Date "2016.10.20"]
[Round "6.150"]
[White "Zaika, Daniil"]
[Black "Alekseev, Mikhail"]
[Result "1-0"]
[WhiteElo "2038"]
[BlackElo "1878"]
[PlyCount "78"]
[EventDate "2016.10.15"]
[EventType "swiss"]
[EventRounds "9"]
[EventCountry "RUS"]

1. d4 Nf6 2. Nf3 g6 3. g3 Bg7 4. Bg2 O-O 5. c4 d5 6. O-O dxc4 7. Na3 c3 8. bxc3
c5 9. Ne5 cxd4 10. cxd4 Nfd7 11. Nec4 Nc6 12. e3 Nb6 13. Rb1 Nd5 14. Qd2 Nf6
15. d5 Nb8 16. Na5 Bf5 17. Nxb7 Qc8 18. Rb3 Ne4 19. Bxe4 Bxe4 20. f3 Bf5 21.
Bb2 Bxb2 22. Rxb2 Nd7 23. Rc1 Qb8 24. e4 Ne5 25. Kg2 Rc8 26. Na5 Qd6 27. N3c4
Nxc4 28. Nxc4 Qa6 29. Ne5 Rxc1 30. Qxc1 Bc8 31. Qd2 Qd6 32. Nc6 Bd7 33. e5 Bh3+
34. Kxh3 Qd7+ 35. Kg2 e6 36. Rb8+ Rxb8 37. Nxb8 Qb5 38. d6 Qxb8 39. d7 Qd8 1-0

[Event "Chigorin Memorial"]
[Site "St Petersburg"]
[Date "2016.10.20"]
[Round "6.151"]
[White "Minbayev, Bolatbek"]
[Black "Sanarov, Leonid"]
[Result "1-0"]
[WhiteElo "2034"]
[BlackElo "1852"]
[PlyCount "117"]
[EventDate "2016.10.15"]
[EventType "swiss"]
[EventRounds "9"]
[EventCountry "RUS"]

1. e4 c6 2. d4 d5 3. exd5 cxd5 4. Bd3 Nc6 5. c3 Nf6 6. Nf3 Bg4 7. O-O e6 8. Bg5
Be7 9. Nbd2 Bh5 10. Qb3 Qc7 11. Rfe1 O-O 12. Bh4 Bg6 13. Bg3 Qc8 14. Bxg6 hxg6
15. h3 Ne8 16. a4 Nd6 17. a5 a6 18. Qa4 Nb5 19. c4 Nd6 20. cxd5 exd5 21. Rxe7
Nxe7 22. Bxd6 Re8 23. Re1 Nf5 24. Rxe8+ Qxe8 25. Qxe8+ Rxe8 26. Bc5 f6 27. Kf1
Kf7 28. Ne1 Ke6 29. Nd3 g5 30. f4 g4 31. hxg4 Ne3+ 32. Kf2 Nxg4+ 33. Kf3 f5 34.
Ne5 Nf6 35. Ke3 Rh8 36. Ndf3 Ne4 37. Ng5+ Nxg5 38. fxg5 Rh5 39. Kf4 Rh4+ 40.
Kf3 Rh5 41. Nd3 Rxg5 42. Nf4+ Kd7 43. Nxd5 Rh5 44. Nb6+ Kd8 45. b4 Rh1 46. d5
Rf1+ 47. Kg3 Re1 48. Bf8 Re4 49. Kf3 Rg4 50. d6 Ke8 51. d7+ Kd8 52. Bd6 Rg6 53.
Bf4 Rg4 54. g3 Rg6 55. Ke3 Rg4 56. Kd3 Rg6 57. Kd4 Rg4 58. Kd5 Rg6 59. Ke5 1-0

[Event "Chigorin Memorial"]
[Site "St Petersburg"]
[Date "2016.10.20"]
[Round "6.152"]
[White "Sapegin, Yaroslav"]
[Black "Rudikov, Dmitry"]
[Result "1-0"]
[WhiteElo "2013"]
[BlackElo "1823"]
[PlyCount "67"]
[EventDate "2016.10.15"]
[EventType "swiss"]
[EventRounds "9"]
[EventCountry "RUS"]

1. d4 d5 2. c4 e6 3. Nf3 c6 4. g3 Nf6 5. Bg2 Bb4+ 6. Bd2 Be7 7. O-O O-O 8. Qc2
Nbd7 9. Bf4 b6 10. cxd5 cxd5 11. Qc6 Ba6 12. Nc3 Bb4 13. Qa4 Bxc3 14. Qxa6 Bxb2
15. Rab1 Bc3 16. Rfc1 Ne4 17. Ng5 Bd2 18. Bxe4 Bxc1 19. Bxh7+ Kh8 20. Rxc1 e5
21. dxe5 Nc5 22. Qb5 f6 23. exf6 gxf6 24. Rxc5 bxc5 25. Ne6 Qe8 26. Qxe8 Rfxe8
27. Bf5 Re7 28. Bd6 Rb7 29. Bxc5 Rb2 30. Bd4 Rxa2 31. Bxf6+ Kg8 32. Nf4 Kf7 33.
Be5 Rd8 34. h4 1-0

[Event "Chigorin Memorial"]
[Site "St Petersburg"]
[Date "2016.10.20"]
[Round "6.153"]
[White "Kopasov, Evgeny"]
[Black "Ismagilov, Igor"]
[Result "1/2-1/2"]
[WhiteElo "1993"]
[BlackElo "1775"]
[PlyCount "103"]
[EventDate "2016.10.15"]
[EventType "swiss"]
[EventRounds "9"]
[EventCountry "RUS"]

1. d4 Nf6 2. c4 g6 3. Nc3 Bg7 4. e4 d6 5. f3 O-O 6. Be3 b6 7. Bd3 Nbd7 8. Nge2
c5 9. O-O Bb7 10. Qd2 Re8 11. Rab1 cxd4 12. Nxd4 Ne5 13. Be2 Rc8 14. b3 Nc6 15.
Nxc6 Bxc6 16. Nd5 e6 17. Nxf6+ Bxf6 18. Rbd1 d5 19. cxd5 exd5 20. exd5 Qxd5 21.
Qxd5 Bxd5 22. Rxd5 Rxe3 23. Bc4 Rce8 24. Rd7 R8e7 25. Rfd1 Re1+ 26. Kf2 Rxd1
27. Rxd1 Rc7 28. a4 Be7 29. Kf1 a5 30. Ke2 Bc5 31. Kf1 Kg7 32. Rd2 Re7 33. Rd1
h5 34. Rd3 Ba3 35. Rd1 Bb2 36. Rd3 Be5 37. g3 h4 38. Kg2 hxg3 39. hxg3 Bc7 40.
Rd2 Be5 41. Re2 Bd6 42. Rxe7 Bxe7 43. g4 f6 44. Kf2 Bc5+ 45. Ke2 Kf8 46. Kd3
Ke7 47. Ke4 Kd6 48. f4 Bf2 49. g5 fxg5 50. fxg5 Bh4 51. Kf4 Ke7 52. Bd3 1/2-1/2

[Event "Chigorin Memorial"]
[Site "St Petersburg"]
[Date "2016.10.20"]
[Round "6.154"]
[White "Sheynin, Izrail"]
[Black "Yun, Vyacheslav"]
[Result "0-1"]
[WhiteElo "1982"]
[BlackElo "1766"]
[PlyCount "80"]
[EventDate "2016.10.15"]
[EventType "swiss"]
[EventRounds "9"]
[EventCountry "RUS"]

1. e4 Nf6 2. Nc3 d5 3. e5 d4 4. Nce2 Ng4 5. f4 Nc6 6. Nf3 Nh6 7. Ng3 e6 8. a3
Bc5 9. b4 Bb6 10. Bd3 Ne7 11. Ng5 Ng6 12. Nh3 Bd7 13. Qh5 Bc6 14. O-O Qd5 15.
Rf2 Qd7 16. Rb1 Bb5 17. Bxb5 Qxb5 18. d3 O-O-O 19. Bd2 Qa4 20. Rb3 Qc6 21. Qd1
Ne7 22. Ng5 Nd5 23. N5e4 Ng4 24. Re2 Nge3 25. Bxe3 dxe3 26. Qf1 Qxc2 27. Rxc2
e2+ 28. Nc5 exf1=Q+ 29. Kxf1 Ne3+ 30. Kf2 Nxc2 31. Nge4 Bxc5+ 32. Nxc5 Nd4 33.
Rc3 Nb5 34. Rb3 b6 35. Ne4 Kb7 36. a4 Nd4 37. Rc3 Rd7 38. g4 Rhd8 39. Ke3 Nc6
40. Rb3 Rd4 0-1

[Event "Chigorin Memorial"]
[Site "St Petersburg"]
[Date "2016.10.20"]
[Round "6.155"]
[White "Andrijashkin, Deniss"]
[Black "Stepanov, Andrey"]
[Result "1-0"]
[WhiteElo "1661"]
[BlackElo "1976"]
[PlyCount "91"]
[EventDate "2016.10.15"]
[EventType "swiss"]
[EventRounds "9"]
[EventCountry "RUS"]

1. e4 c5 2. Ne2 e6 3. g3 Nc6 4. Bg2 Nge7 5. c3 g6 6. d4 cxd4 7. cxd4 d5 8. Nbc3
dxe4 9. Bxe4 Bg7 10. Be3 O-O 11. O-O Bd7 12. Rc1 Qa5 13. a3 Nf5 14. Bf4 Nfxd4
15. b4 Qb6 16. Be3 e5 17. Na4 Qd8 18. Nc5 Bg4 19. f3 Bh3 20. Nxd4 Nxd4 21. Nxb7
Qb6 22. Re1 Rab8 23. Nc5 Rbd8 24. Nb7 Rb8 25. Nc5 Rfd8 26. Qa4 f5 27. Nd7 Qb5
28. Qxb5 Rxb5 29. Bd3 Rxd7 30. Bxd4 Rbd5 31. Rc8+ Rd8 32. Rxd8+ Rxd8 33. Bc4+
Kf8 34. Bxa7 Ke7 35. Bc5+ Kf6 36. b5 f4 37. g4 h5 38. g5+ Kf5 39. b6 Bf8 40.
Bxf8 Rxf8 41. b7 Rb8 42. Bd5 Kxg5 43. a4 Bd7 44. a5 Bb5 45. Rb1 Bd3 46. Rb6 1-0

[Event "Chigorin Memorial"]
[Site "St Petersburg"]
[Date "2016.10.20"]
[Round "6.156"]
[White "Dushin, Nikolay"]
[Black "Stepanov, Ivan"]
[Result "1-0"]
[WhiteElo "1948"]
[BlackElo "1760"]
[PlyCount "71"]
[EventDate "2016.10.15"]
[EventType "swiss"]
[EventRounds "9"]
[EventCountry "RUS"]

1. Nf3 Nf6 2. c4 g6 3. b3 Bg7 4. Bb2 O-O 5. g3 d5 6. cxd5 Nxd5 7. Bxg7 Kxg7 8.
Bg2 c6 9. O-O Bg4 10. Qc2 Bxf3 11. Bxf3 Nd7 12. Nc3 N7f6 13. Na4 Nb6 14. Nc5
Qc7 15. d4 Rfd8 16. Rfd1 e6 17. b4 Rac8 18. Qb2 Kg8 19. Rac1 Qe7 20. a4 Rc7 21.
a5 Nbd7 22. Nd3 Rdc8 23. e4 Nb8 24. h4 h5 25. Kg2 b6 26. Ra1 c5 27. axb6 axb6
28. bxc5 bxc5 29. Nxc5 Nbd7 30. e5 Nxc5 31. dxc5 Nd7 32. c6 Nb8 33. Rd6 Nxc6
34. Bxc6 Rxc6 35. Rxc6 Rxc6 36. Ra8+ 1-0

[Event "Chigorin Memorial"]
[Site "St Petersburg"]
[Date "2016.10.20"]
[Round "6.157"]
[White "Efremov, Vladislav"]
[Black "Lapin, Nikita"]
[Result "1/2-1/2"]
[WhiteElo "1933"]
[BlackElo "1686"]
[PlyCount "88"]
[EventDate "2016.10.15"]
[EventType "swiss"]
[EventRounds "9"]
[EventCountry "RUS"]

1. d4 Nf6 2. c4 g6 3. Nc3 Bg7 4. e4 d6 5. f3 O-O 6. Be3 Nbd7 7. Nge2 e5 8. Qd2
c6 9. d5 c5 10. g4 Ne8 11. Ng3 Qe7 12. h4 f6 13. Bd3 Kf7 14. h5 Rg8 15. O-O-O
Rb8 16. Rdg1 a6 17. hxg6+ hxg6 18. g5 Nf8 19. gxf6 Nxf6 20. Bg5 Ke8 21. f4 Bd7
22. a4 Kd8 23. Rf1 Kc8 24. Qf2 Qe8 25. Bxf6 Bxf6 26. f5 Bxa4 27. Nxa4 Qxa4 28.
fxg6 Rxg6 29. Nf5 Kc7 30. Rfg1 Qd7 31. Rxg6 Nxg6 32. Bf1 Nf4 33. Qg3 Qf7 34.
Nh6 Qg6 35. Qxg6 Nxg6 36. Nf5 Rh8 37. Rxh8 Nxh8 38. Kc2 Ng6 39. Kc3 Be7 40. Kb3
Bf8 41. Be2 Nf4 42. Bf1 Kd8 43. Kc3 Kc7 44. Kb3 Kd8 1/2-1/2

[Event "Chigorin Memorial"]
[Site "St Petersburg"]
[Date "2016.10.20"]
[Round "6.158"]
[White "Kundianok, Vladislav"]
[Black "Yaroslavtsev, Artem"]
[Result "1/2-1/2"]
[WhiteElo "1616"]
[BlackElo "1910"]
[PlyCount "82"]
[EventDate "2016.10.15"]
[EventType "swiss"]
[EventRounds "9"]
[EventCountry "RUS"]

1. e4 d6 2. d4 Nf6 3. Nc3 g6 4. f4 Bg7 5. Nf3 O-O 6. Bd3 Na6 7. a3 c5 8. d5 Bg4
9. h3 Bxf3 10. Qxf3 Nc7 11. g4 Nd7 12. h4 e6 13. h5 exd5 14. exd5 Re8+ 15. Kd1
Qe7 16. Bd2 a6 17. hxg6 fxg6 18. Qh3 Nf8 19. f5 g5 20. Ne4 Nxd5 21. Bxg5 Qe5
22. f6 Bxf6 23. Nxf6+ Nxf6 24. Bxf6 Qxf6 25. Bxh7+ Nxh7 26. Qxh7+ Kf8 27. Qh8+
Qxh8 28. Rxh8+ Kg7 29. Rxe8 Rxe8 30. Kd2 Re4 31. Rg1 Kg6 32. Kd3 d5 33. Rf1
Rxg4 34. Rf8 Rg3+ 35. Kd2 Rg2+ 36. Kd1 Rg1+ 37. Kd2 Rg2+ 38. Kd1 Rg1+ 39. Kd2
Rg2+ 40. Kd1 Rg1+ 41. Kd2 Rg2+ 1/2-1/2

[Event "Chigorin Memorial"]
[Site "St Petersburg"]
[Date "2016.10.20"]
[Round "6.159"]
[White "Vasilyev, Alexey"]
[Black "Pavlov, Mikhail"]
[Result "0-1"]
[WhiteElo "1899"]
[BlackElo "1645"]
[PlyCount "104"]
[EventDate "2016.10.15"]
[EventType "swiss"]
[EventRounds "9"]
[EventCountry "RUS"]

1. e4 c6 2. d4 d5 3. e5 Bf5 4. Nc3 e6 5. g4 Bg6 6. Nge2 h6 7. Nf4 Bh7 8. Be3
Nd7 9. Bg2 c5 10. O-O cxd4 11. Bxd4 Ne7 12. Re1 Nc6 13. Ncxd5 Nxd4 14. Qxd4 Bc5
15. Qa4 O-O 16. b4 Bd4 17. Rad1 Bxe5 18. Ne7+ Qxe7 19. Rxd7 Qe8 20. Bxb7 Bxf4
21. Bxa8 Qxa8 22. Qb3 Be4 23. c4 Bh1 24. Qh3 Bc6 25. Rd3 a6 26. Qf1 Qb8 27. Rh3
Qxb4 28. Rb3 Qd6 29. Rh3 Rd8 30. Qe2 Qd4 31. Qc2 Qc5 32. Rh5 Qb4 33. Rb1 Qd6
34. Rh3 Qe5 35. Rh5 Qd4 36. Qe2 Be4 37. Re1 Bd3 38. Qf3 Bg6 39. Ra5 Qxc4 40.
Ra3 Bd6 41. Rc3 Qxa2 42. Rd1 Be7 43. Rdc1 a5 44. Qb7 Bh4 45. Qb6 Rd2 46. Rf3
Qd5 47. Qb8+ Kh7 48. Rc8 Rd1+ 49. Kg2 Be4 50. Rh8+ Kg6 51. Rxh6+ Kxh6 52. Qf4+
Bg5 0-1

[Event "Chigorin Memorial"]
[Site "St Petersburg"]
[Date "2016.10.20"]
[Round "6.160"]
[White "Moskaleva, Arina"]
[Black "Lapushnian, Eran"]
[Result "0-1"]
[WhiteElo "1479"]
[BlackElo "1910"]
[PlyCount "84"]
[EventDate "2016.10.15"]
[EventType "swiss"]
[EventRounds "9"]
[EventCountry "RUS"]

1. c4 Nf6 2. Nc3 g6 3. d4 Bg7 4. Nf3 O-O 5. e4 d6 6. Be2 e5 7. d5 h6 8. O-O Ne8
9. Ne1 f5 10. Nd3 f4 11. c5 Nf6 12. cxd6 cxd6 13. f3 g5 14. Bd2 Rf7 15. Rc1 h5
16. Nb5 Bf8 17. Bb4 Na6 18. Bd2 Rg7 19. Qe1 Qb6+ 20. Kh1 Qxb5 21. Nxe5 Qe8 22.
Nc4 Nd7 23. Bc3 Ne5 24. Rg1 h4 25. Bd4 Rg6 26. Qc3 Bg7 27. Rge1 Bd7 28. Qb3
Nxc4 29. Qxc4 Rc8 30. Qd3 Nb4 31. Qd2 Bxd4 32. Qxd4 Nc2 33. Rxc2 Rxc2 34. Bd3
Rc8 35. h3 Qe5 36. Qxa7 Rg7 37. Qa3 Be8 38. Qb3 Rgc7 39. Rf1 Rc1 40. Qxb7 Rxf1+
41. Bxf1 Rc1 42. Qb5 Bxb5 0-1

[Event "Chigorin Memorial"]
[Site "St Petersburg"]
[Date "2016.10.20"]
[Round "6.161"]
[White "Fridman, Grigory"]
[Black "Shkuratov, Vladimir"]
[Result "0-1"]
[WhiteElo "1840"]
[BlackElo "1681"]
[PlyCount "122"]
[EventDate "2016.10.15"]
[EventType "swiss"]
[EventRounds "9"]
[EventCountry "RUS"]

1. e4 c5 2. Nf3 e6 3. c3 Nf6 4. e5 Nd5 5. d4 cxd4 6. cxd4 d6 7. Bc4 Nb6 8. Bd3
Nc6 9. O-O Be7 10. Nc3 O-O 11. a3 dxe5 12. dxe5 Nd5 13. Qe2 Nxc3 14. bxc3 Qc7
15. Re1 b6 16. Qe4 g6 17. Qe3 Rd8 18. Be4 Bb7 19. Qh6 Bf8 20. Qh4 h5 21. Bg5
Be7 22. Bf6 Bxf6 23. exf6 Kf8 24. Qg5 Ke8 25. Qh6 Kd7 26. Rad1+ Kc8 27. Rxd8+
Nxd8 28. Qd2 Bc6 29. Nd4 Bxe4 30. Rxe4 Nb7 31. Nb5 Qd7 32. Qe2 a6 33. Nd4 Nc5
34. Rh4 Kc7 35. Nf3 Rd8 36. Rd4 Qe8 37. Qe5+ Kb7 38. Ng5 Rxd4 39. cxd4 Nd7 40.
Qf4 b5 41. Ne4 e5 42. Qe3 Qe6 43. Qd3 Qd5 44. Kf1 Qxd4 45. Qxd4 exd4 46. Nd6+
Kb6 47. Nxf7 Nxf6 48. Ne5 g5 49. Ke2 Kc5 50. Kd3 Ng4 51. Nd7+ Kc6 52. Nb8+ Kd5
53. Nxa6 Nxf2+ 54. Ke2 Ne4 55. Kf3 Nc3 56. Nb4+ Kc4 57. g4 h4 58. Nc2 d3 59.
Ne3+ Kb3 60. Nf1 Kc2 61. Ke3 Nb1 0-1

[Event "Chigorin Memorial"]
[Site "St Petersburg"]
[Date "2016.10.20"]
[Round "6.162"]
[White "Atovmian, Artem"]
[Black "Vorobyova, Ekaterina"]
[Result "0-1"]
[WhiteElo "1823"]
[BlackElo "1668"]
[PlyCount "98"]
[EventDate "2016.10.15"]
[EventType "swiss"]
[EventRounds "9"]
[EventCountry "RUS"]

1. e4 e5 2. Nf3 Nc6 3. Bb5 a6 4. Bxc6 dxc6 5. d4 exd4 6. Qxd4 Qxd4 7. Nxd4 c5
8. Ne2 Nf6 9. f3 Bd7 10. Nbc3 O-O-O 11. Bg5 h6 12. Be3 Bc6 13. Nf4 Bd6 14.
O-O-O Rhe8 15. Rd2 g5 16. Nfd5 Nxd5 17. Nxd5 f5 18. Rhd1 fxe4 19. fxe4 Bxd5 20.
Rxd5 Rxe4 21. Bd2 Re2 22. h4 gxh4 23. Bxh6 Rxg2 24. Rh5 Be7 25. Re1 Rg6 26. Be3
Re6 27. a3 c4 28. Kb1 c3 29. b4 Bf6 30. Ka2 Rde8 31. Rh6 Rxe3 32. Rxe3 Rxe3 33.
Rxf6 Kd7 34. Rh6 h3 35. Kb3 b5 36. Ka2 Ke7 37. Kb3 Kf7 38. Ka2 Kg7 39. Rh5 Kg6
40. Rh8 Kg5 41. Rg8+ Kh4 42. Rh8+ Kg3 43. Kb3 Kg2 44. Rg8+ Rg3 45. Re8 h2 46.
Re2+ Kh3 47. Re1 Rg2 48. Re3+ Kg4 49. Re4+ Kf3 0-1

[Event "Chigorin Memorial"]
[Site "St Petersburg"]
[Date "2016.10.20"]
[Round "6.164"]
[White "Grekhov, Luka"]
[Black "Fokin, Anatoly"]
[Result "1/2-1/2"]
[WhiteElo "1600"]
[BlackElo "1802"]
[PlyCount "98"]
[EventDate "2016.10.15"]
[EventType "swiss"]
[EventRounds "9"]
[EventCountry "RUS"]

1. e4 d6 2. Nc3 Nf6 3. d4 e5 4. dxe5 dxe5 5. Qxd8+ Kxd8 6. Bg5 Be6 7. f4 exf4
8. O-O-O+ Kc8 9. e5 Nfd7 10. Nf3 Bb4 11. Nd5 Nc6 12. a3 Bc5 13. Bxf4 h6 14. h3
a6 15. g4 Re8 16. Bg2 Bxd5 17. Rxd5 Ne7 18. Rd3 Ng6 19. Bg3 Ngxe5 20. Nxe5 Nxe5
21. Rd5 Bd6 22. Re1 f6 23. c4 Rb8 24. c5 Bf8 25. Bxe5 c6 26. Bxb8 Rxe1+ 27. Rd1
Rxd1+ 28. Kxd1 Kxb8 29. b4 Kc7 30. Kd2 b6 31. cxb6+ Kxb6 32. Kc3 c5 33. Kc4
cxb4 34. axb4 g5 35. Be4 Kc7 36. Bf5 Bd6 37. Be6 Be5 38. Bf5 Bf4 39. Be6 Bd2
40. Kc5 Be3+ 41. Kc4 Kb6 42. Bc8 Bd2 43. Bf5 Kc6 44. Be4+ Kd6 45. Bb7 a5 46.
bxa5 Ke5 47. a6 Be3 48. Bc8 Kf4 49. Kd5 Kg3 1/2-1/2

[Event "Chigorin Memorial"]
[Site "St Petersburg"]
[Date "2016.10.20"]
[Round "6.165"]
[White "Makeev, Konstantin"]
[Black "Kuznetsov, Mikhail"]
[Result "1-0"]
[WhiteElo "1525"]
[BlackElo "1801"]
[PlyCount "59"]
[EventDate "2016.10.15"]
[EventType "swiss"]
[EventRounds "9"]
[EventCountry "RUS"]

1. e4 c5 2. Nc3 a6 3. g3 d6 4. Bg2 e5 5. d3 Nf6 6. f4 Nc6 7. Nf3 Be7 8. h3 Nh5
9. Ne2 exf4 10. Bxf4 g5 11. Be3 g4 12. hxg4 Bxg4 13. Qd2 Rg8 14. O-O-O Qd7 15.
Nf4 Nxf4 16. gxf4 h5 17. Rdf1 Nb4 18. a3 Qa4 19. Bh3 Bf6 20. e5 dxe5 21. Nxe5
Bxe5 22. fxe5 b6 23. Bxg4 Rxg4 24. Rxh5 O-O-O 25. Rf4 Rxf4 26. Bxf4 Nxc2 27.
Qg2 Ne1 28. Qa8+ Kc7 29. Qa7+ Kc6 30. Rh6+ 1-0